| 000 | 00479nam a2200181Ia 4500 | ||
|---|---|---|---|
| 008 | 230917s9999||||xx |||||||||||||| ||und|| | ||
| 020 | _cRS495 | ||
| 040 |
_e224104 _aMAIN |
||
| 041 | _aEnglish | ||
| 082 | _a625.1 C361R(2) | ||
| 100 | _aChandra, Satish | ||
| 245 | 0 | _aRailway engineering | |
| 250 | _a2nd ed. | ||
| 260 |
_aNew Delhi _bOxford University Press India _c2014 |
||
| 300 | _axx, 651 p. | ||
| 500 | _a1933 05/02/2015 IBC 3387 19/02/2015 Main Budget | ||
| 942 | _cBK | ||
| 999 |
_c14482 _d14482 |
||